[Event "Karpos Open 2017"]
[Site "masterchessopen.com Skopje MKD"]
[Date "2017.04.01"]
[Round "1.10"]
[White "Aleksandrov,A"]
[Black "Dimov,Dani"]
[Result "1-0"]
[WhiteElo "2568"]
[BlackElo "1964"]

1.d4 Nf6 2.c4 g6 3.Nc3 Bg7 4.e4 d6 5.h3 O-O 6.Be3 Nbd7 7.Nf3 c6 8.Be2 b6 9.O-O
e5 10.d5 c5 11.a3 Kh8 12.b4 Ng8 13.Qa4 Ne7 14.Nb5 Nf6 15.bxc5 dxc5 16.Qc2 Ne8
17.a4 f5 18.a5 fxe4 19.Nd2 Bd7 20.Nxe4 Bxb5 21.cxb5 Nxd5 22.Rad1 Nxe3 23.Rxd8
Nxc2 24.Rxa8 Nd4 25.Bc4 Nc7 26.Rxa7 Ncxb5 27.Bxb5 Nxb5 28.axb6 Nxa7 29.bxa7
Ra8 30.Rb1 {#r} 1-0

[Event "Karpos Open 2017"]
[Site "masterchessopen.com Skopje MKD"]
[Date "2017.04.01"]
[Round "1.12"]
[White "Djukic,Ni"]
[Black "Murseli,Ujup"]
[Result "1-0"]
[WhiteElo "2515"]
[BlackElo "1961"]

1.d4 d5 2.c4 e6 3.Nc3 Nf6 4.cxd5 exd5 5.Bg5 c6 6.e3 Bb4 7.Bd3 Qa5 8.Bxf6 Bxc3+
9.bxc3 Qxc3+ 10.Kf1 gxf6 11.Ne2 Qa3 12.Nf4 h5 13.h4 b6 14.Kg1 Bg4 15.Be2 Nd7
16.Bxg4 hxg4 17.Qxg4 Ke7 18.Qf5 Rag8 19.e4 Qc3 20.Rd1 Qc2 21.Re1 Kd8 22.g3 Re8
23.Re2 Qc4 24.Kg2 Qxd4 25.exd5 Rxe2 26.Nxe2 Qe5 27.Qf3 c5 28.Nc3 f5 29.d6 Qxd6
30.Rd1 Qe5 31.Qc6 Ke7 32.Qxd7+ Kf8 33.Qd8+ Kg7 34.Qg5+ Kh7 35.Nd5 {#r} 1-0

[Event "Karpos Open 2017"]
[Site "masterchessopen.com Skopje MKD"]
[Date "2017.04.01"]
[Round "1.14"]
[White "Blagojevic,Dr"]
[Black "Benayoun,Omri"]
[Result "1-0"]
[WhiteElo "2462"]
[BlackElo "1955"]

1.d4 d5 2.c4 Nc6 3.Nc3 dxc4 4.Nf3 Nf6 5.e3 Bg4 6.Bxc4 e6 7.h3 Bh5 8.O-O Bb4
9.Be2 O-O 10.a3 Ba5 11.b4 Bb6 12.Bb2 Ne7 13.Na4 c6 14.Nc5 Rb8 15.Ne5 Bxe2
16.Qxe2 Ng6 17.Rfd1 Qc7 18.Nc4 Qe7 19.a4 Nd5 20.Nd3 Bc7 21.b5 Qh4 22.Rac1 cxb5
23.axb5 a6 24.Nc5 axb5 25.Nd2 Rfd8 26.Qxb5 Ra8 27.Ra1 Rxa1 28.Rxa1 Bh2+
29.Kxh2 Qxf2 30.Nde4 Qxe3 31.Qd3 Qf4+ 32.Qg3 b6 33.Nb7 Rc8 34.Nbd6 Rc2 35.Ra8+
Nf8 36.Ba3 Rxg2+ 37.Kxg2 Ne3+ 38.Kg1 Qf1+ 39.Kh2 Qe2+ 40.Qf2 Nf1+ 41.Kg1 {#r}
1-0

[Event "Karpos Open 2017"]
[Site "masterchessopen.com Skopje MKD"]
[Date "2017.04.01"]
[Round "1.15"]
[White "Miracola,Giorgia"]
[Black "Livaic,Leon"]
[Result "0-1"]
[WhiteElo "1934"]
[BlackElo "2460"]

1.e4 c5 2.Nf3 d6 3.d4 cxd4 4.Nxd4 Nf6 5.Nc3 a6 6.Bg5 Nbd7 7.Qe2 Qc7 8.O-O-O e6
9.f4 b5 10.Re1 Bb7 11.Kb1 Rc8 12.Qd2 b4 13.Nd5 exd5 14.exd5+ Kd8 15.Qxb4 Bxd5
16.Bxa6 Ra8 17.Qb5 Qc5 18.Qd3 Bxa2+ {#R} 0-1

[Event "Karpos Open 2017"]
[Site "masterchessopen.com Skopje MKD"]
[Date "2017.04.01"]
[Round "1.16"]
[White "Anurag,M"]
[Black "Taylor,RG"]
[Result "1-0"]
[WhiteElo "2454"]
[BlackElo "1932"]

1.Nf3 Nf6 2.g3 g6 3.Bg2 Bg7 4.O-O O-O 5.d4 d6 6.b3 Nbd7 7.Bb2 c6 8.c4 Qc7
9.Nc3 Re8 10.e4 e5 11.Qd2 a6 12.Rac1 b6 13.h3 Bb7 14.d5 c5 15.a4 a5 16.Nh2 Ba6
17.Rce1 Re7 18.Bc1 Kh8 19.Qc2 Rg8 20.Bg5 h6 21.Be3 Qd8 22.Bf3 Qf8 23.Kg2 Nh7
24.Bg4 h5 25.Be2 f6 26.Qc1 Qf7 27.Qd1 Qf8 28.Bd3 Bh6 29.f4 Qg7 30.Kh1 exf4
31.gxf4 f5 32.Qc2 Rge8 33.Bd2 g5 34.e5 gxf4 35.e6 Ne5 36.Bxf5 Ng5 37.h4 Nh7
38.Bxh7 Qxh7 39.Qxh7+ Kxh7 40.Ne4 Rf8 41.Nxd6 Nd3 42.Re4 Rg7 43.e7 Rfg8 44.Nf3
{#r} 1-0

[Event "Karpos Open 2017"]
[Site "masterchessopen.com Skopje MKD"]
[Date "2017.04.01"]
[Round "1.17"]
[White "Angun,Batu"]
[Black "Sadikhov,U"]
[Result "0-1"]
[WhiteElo "1930"]
[BlackElo "2453"]

1.d4 d6 2.c4 e5 3.d5 Be7 4.e4 Bg5 5.Nd2 Ne7 6.h4 Bf6 7.g3 a5 8.Bh3 Bxh3 9.Nxh3
Qd7 10.b3 Na6 11.a3 Nc5 12.Qf3 c6 13.Rb1 cxd5 14.cxd5 O-O 15.Nc4 Nc8 16.Kf1 a4
17.b4 Qb5 18.Kg2 Nb3 19.Qd3 Na7 20.Qf1 Be7 21.Be3 Rfc8 22.Nb6 Qxf1+ 23.Rhxf1
Nb5 24.Nxa4 Rxa4 25.Rxb3 Nxa3 26.Ra1 Rca8 27.Rc3 b5 28.Rc7 Bd8 29.Rc6 Kf8
30.Ng5 h6 31.Nf3 Ke7 32.Bb6 Nc4 33.Bxd8+ Kxd8 34.Rb1 Ra2 35.Rc1 Rb2 36.R1xc4
bxc4 37.Rxc4 Raa2 {#R} 0-1

[Event "Karpos Open 2017"]
[Site "masterchessopen.com Skopje MKD"]
[Date "2017.04.01"]
[Round "1.18"]
[White "Goryachkina,A"]
[Black "Unat,Can Haktan"]
[Result "1-0"]
[WhiteElo "2452"]
[BlackElo "1929"]

1.d4 Nf6 2.c4 e6 3.g3 Bb4+ 4.Bd2 Qe7 5.Bg2 O-O 6.Nf3 Nc6 7.O-O Bxd2 8.Qxd2 d6
9.Nc3 e5 10.Nd5 Qd8 11.Rfd1 Bg4 12.dxe5 Nxd5 13.cxd5 Nxe5 14.Nxe5 dxe5 15.h3
Bh5 16.Rac1 Qd6 17.Qc2 Rac8 18.Rd2 Rfd8 19.Qb3 Qb6 20.Rdc2 Qxb3 21.axb3 Rd7
22.e4 g5 23.f3 f6 24.Rc3 Kf7 25.Bf1 a6 26.b4 Kf8 27.b5 axb5 28.Bxb5 Rg7 29.Rb3
c6 30.dxc6 Rgc7 31.Rbc3 bxc6 32.Bxc6 Bxf3 33.Rxf3 Rxc6 34.Rxf6+ Rxf6 35.Rxc8+
Kf7 36.Rc3 Rb6 37.b3 Rb4 38.Kf2 Rxe4 39.Rc4 Rxc4 40.bxc4 h5 41.Kf3 Ke6 42.Ke4
Kd6 43.g4 hxg4 44.hxg4 Kc5 45.Kxe5 Kxc4 46.Kf5 Kd5 47.Kxg5 {#r} 1-0

[Event "Karpos Open 2017"]
[Site "masterchessopen.com Skopje MKD"]
[Date "2017.04.01"]
[Round "1.20"]
[White "Nasuta,G"]
[Black "Selkovski,Z"]
[Result "1-0"]
[WhiteElo "2447"]
[BlackElo "1924"]

1.e4 c5 2.Nf3 e6 3.d4 cxd4 4.Nxd4 a6 5.Bd3 Nf6 6.O-O Qc7 7.Qe2 d6 8.c4 Be7
9.b3 Nbd7 10.Bb2 b6 11.Nc3 Bb7 12.f4 O-O 13.Rae1 Rfe8 14.Kh1 g6 15.Nf3 Nh5
16.Qd2 Nc5 17.Bb1 Rad8 18.f5 exf5 19.exf5 Bf6 20.Rxe8+ Rxe8 21.Bc1 Ne4 22.Nxe4
Bxe4 23.Bxe4 Rxe4 24.fxg6 hxg6 25.Rd1 Re6 26.Ba3 Be5 27.Nxe5 dxe5 28.Qd8+ Qxd8
29.Rxd8+ Kg7 30.Kg1 g5 31.Rd6 Kf6 32.Kf2 Rxd6 33.Bxd6 Ke6 34.Bc7 b5 35.cxb5
axb5 36.a4 bxa4 37.bxa4 e4 38.a5 Kd7 39.Be5 f6 40.g4 {#r} 1-0

[Event "Karpos Open 2017"]
[Site "masterchessopen.com Skopje MKD"]
[Date "2017.04.01"]
[Round "1.21"]
[White "Ballas,K"]
[Black "Erdogdu,M"]
[Result "0-1"]
[WhiteElo "1916"]
[BlackElo "2446"]

1.d4 Nf6 2.c4 g6 3.Nc3 d5 4.cxd5 Nxd5 5.e4 Nxc3 6.bxc3 Bg7 7.Qa4+ c6 8.Qb3 O-O
9.Bg5 Qa5 10.e5 Be6 11.Bc4 Bxc4 12.Qxc4 Nd7 13.Ne2 Nb6 14.Qb3 Rae8 15.O-O Qd5
16.Qa3 f6 17.Qxa7 Nc4 18.Bf4 b5 19.Rad1 Ra8 20.Qxe7 Rf7 21.Qc5 Qxc5 22.dxc5
fxe5 23.Bg5 Bf8 24.Ng3 Bxc5 25.Ne4 Bf8 26.Rd8 Rxd8 27.Bxd8 Ra7 28.f4 exf4
29.Rxf4 Rxa2 30.Nf6+ Kh8 31.Ne4 Bh6 32.Ng5 Kg8 33.Re4 Nd6 34.Re6 Bf8 35.h3 Rd2
36.Bf6 h6 37.Ne4 Rd1+ 38.Kh2 Kf7 39.Nc5 Ne8 40.Rxc6 Nxf6 41.Rc7+ Be7 {#R} 0-1

[Event "Karpos Open 2017"]
[Site "masterchessopen.com Skopje MKD"]
[Date "2017.04.01"]
[Round "1.22"]
[White "Nguyen,P"]
[Black "Gjorgjevski,Janco"]
[Result "1-0"]
[WhiteElo "2444"]
[BlackElo "1910"]

1.d4 d5 2.c4 c6 3.Nf3 Nf6 4.e3 a6 5.Nbd2 e6 6.Bd3 Be7 7.O-O O-O 8.b3 dxc4
9.bxc4 c5 10.Bb2 cxd4 11.exd4 Nc6 12.Qe2 b6 13.Rad1 Bb7 14.Rfe1 Re8 15.Bb1 Bd6
16.Ne5 Ne7 17.Ndf3 h6 18.Nxf7 Kxf7 19.Qxe6+ Kf8 20.Ne5 Bxe5 21.dxe5 Nfd5
22.cxd5 Bxd5 23.Qg4 g5 24.e6 {#r} 1-0

[Event "Karpos Open 2017"]
[Site "masterchessopen.com Skopje MKD"]
[Date "2017.04.01"]
[Round "1.24"]
[White "Drazic,S"]
[Black "Ajrula,Adnan"]
[Result "1-0"]
[WhiteElo "2431"]
[BlackElo "1898"]

1.b4 e5 2.Bb2 Bxb4 3.Bxe5 f6 4.Bg3 Ne7 5.h3 Nf5 6.Bh2 Bd6 7.Bxd6 Nxd6 8.Nf3 b6
9.e3 Bb7 10.c4 O-O 11.Be2 Nf7 12.Nc3 d5 13.cxd5 Bxd5 14.Nxd5 Qxd5 15.Qc2 c5
16.Bd3 Ne5 17.Bxh7+ Kh8 18.Be4 Nxf3+ 19.Bxf3 Qe5 20.O-O Nd7 21.d4 Qe7 22.Bxa8
Rxa8 23.Rfd1 Rc8 24.dxc5 Nxc5 25.Rd4 Qe5 26.Rad1 Re8 27.Qg6 Qe7 28.Qxe8+ Qxe8
29.Rd8 Qxd8 30.Rxd8+ Kh7 31.h4 Kg6 32.g4 Kf7 33.f4 a5 34.h5 Ke7 35.Rg8 Kf7
36.Rb8 Na4 37.Rb7+ Kf8 38.a3 Kg8 39.Kg2 Kh7 40.Kf3 Kh6 41.Rb8 Kh7 42.g5 fxg5
43.fxg5 Nc5 44.g6+ {#r} 1-0

[Event "Polar Capital Jersey Open"]
[Site "masterchessopen.com St Clement Bay JCI"]
[Date "2017.04.01"]
[Round "1.2"]
[White "Hillarp Persson,T"]
[Black "Kirby,Pe"]
[Result "1-0"]
[WhiteElo "2503"]
[BlackElo "1985"]

1.c4 Nf6 2.g3 g6 3.Bg2 Bg7 4.Nc3 O-O 5.d4 d6 6.Nf3 Nc6 7.O-O a6 8.b3 Rb8 9.d5
Na5 10.Nd4 Bd7 11.Bg5 h6 12.Bd2 c5 13.dxc6 Nxc6 14.e3 Qc8 15.Rc1 Nxd4 16.exd4
Bh3 17.Re1 Bxg2 18.Kxg2 Qd7 19.a4 e6 20.Qf3 Rfe8 21.Rcd1 b6 22.Bxh6 Bxh6
23.Qxf6 Qb7+ 24.Ne4 Bg7 25.Qf3 Qd7 26.h4 b5 27.axb5 axb5 28.c5 d5 29.Nf6+ Bxf6
30.Qxf6 Ra8 31.Ra1 Ra7 32.Rxa7 Qxa7 33.h5 Qe7 34.Qxe7 Rxe7 35.hxg6 fxg6 36.f4
Ra7 37.Rxe6 {#r} 1-0

[Event "Polar Capital Jersey Open"]
[Site "masterchessopen.com St Clement Bay JCI"]
[Date "2017.04.01"]
[Round "1.3"]
[White "Bryant,R"]
[Black "Hebden,M"]
[Result "0-1"]
[WhiteElo "1984"]
[BlackElo "2494"]

1.e4 e5 2.Nf3 Nc6 3.c3 d5 4.Qa4 f6 5.exd5 Qxd5 6.Bc4 Qe4+ 7.Kf1 Be6 8.Bb5 Qxa4
9.Bxa4 Bc4+ 10.Kg1 Bd3 11.b4 Ne7 12.Bd1 O-O-O 13.Ne1 Bg6 14.Be2 e4 15.a4 Nd5
16.g3 a5 17.bxa5 Nxa5 18.Ba3 Nb3 19.Bxf8 Rhxf8 20.Ra3 Nc1 21.Bf1 Ne7 22.Bg2
Rd6 23.Ra1 Nb3 24.Ra2 Nc6 25.Rb2 Nca5 26.h4 h5 27.Bh3+ Kb8 28.Ng2 Rfd8 29.Nf4
Bf7 30.Bf5 Nc5 31.Rb5 Nab3 32.Kh2 c6 33.Rb4 Nxd2 34.Kg2 Nc4 35.Ne2 Nd3 36.Bxe4
Nxb4 37.cxb4 Re8 38.Nbc3 Rd2 39.Re1 g6 40.Kf1 Rb2 {#R} 0-1

[Event "Polar Capital Jersey Open"]
[Site "masterchessopen.com St Clement Bay JCI"]
[Date "2017.04.01"]
[Round "1.5"]
[White "Wojciechowski,Pa"]
[Black "Abbas,Daniel"]
[Result "0-1"]
[WhiteElo "1979"]
[BlackElo "2285"]

1.e4 c5 2.Nf3 e6 3.d4 cxd4 4.Nxd4 Nc6 5.Nc3 Qc7 6.Be3 a6 7.Be2 Nf6 8.O-O Bb4
9.f3 O-O 10.Qd2 d5 11.Nxc6 bxc6 12.Bg5 Qa7+ 13.Be3 c5 14.a3 Ba5 15.b4 Bb6
16.Na4 d4 17.bxc5 Bxc5 18.Nxc5 dxe3 19.Qa5 Nd7 20.Nxd7 Bxd7 21.Rfd1 Rfc8 22.c4
Rc5 23.Qc3 Ba4 24.Rd3 f5 25.g3 Qc7 26.Rxe3 f4 27.gxf4 Qxf4 28.Qd4 Rg5+ 29.Kf2
Qh4+ 30.Kf1 Qxh2 31.Ke1 Rg1+ 32.Kd2 Rxa1 33.Qxa1 Rd8+ 34.Kc1 Qg1+ {#R} 0-1

[Event "Polar Capital Jersey Open"]
[Site "masterchessopen.com St Clement Bay JCI"]
[Date "2017.04.01"]
[Round "1.6"]
[White "House,Glenn L"]
[Black "Morriss,P"]
[Result "1-0"]
[WhiteElo "2211"]
[BlackElo "1972"]

1.e4 c6 2.d3 d5 3.Nd2 g6 4.Ngf3 Bg7 5.g3 e5 6.Bg2 Ne7 7.O-O O-O 8.Re1 d4 9.c3
dxc3 10.bxc3 Qxd3 11.Ba3 Re8 12.Qb3 Qb5 13.Nc4 Be6 14.Qxb5 cxb5 15.Nd6 Nbc6
16.Nxe8 Rxe8 17.Red1 h6 18.Nd2 f5 19.Nb3 Kf7 20.Nc5 Bc8 21.Rab1 a6 22.c4 b6
23.cxb5 Nd4 24.bxa6 Ne2+ 25.Kh1 Nc3 26.a7 {#r} 1-0

[Event "Polar Capital Jersey Open"]
[Site "masterchessopen.com St Clement Bay JCI"]
[Date "2017.04.01"]
[Round "1.7"]
[White "Sikkel,Dirk"]
[Black "Rudd,J"]
[Result "0-1"]
[WhiteElo "1947"]
[BlackElo "2177"]

1.e4 e5 2.Nf3 Nc6 3.Bb5 Nf6 4.d3 Bc5 5.O-O Nd4 6.Nxd4 Bxd4 7.Nd2 c6 8.Ba4 Qe7
9.c3 Bb6 10.Nc4 Bc7 11.Ne3 d6 12.b4 b5 13.Bb3 a5 14.bxa5 Bxa5 15.Qc2 O-O 16.a4
Bb6 17.Ra2 bxa4 18.Rxa4 Be6 19.Rxa8 Rxa8 20.Bxe6 fxe6 21.Nc4 Bc7 22.f4 exf4
23.Bxf4 d5 24.Bxc7 Qxc7 25.Ne3 dxe4 26.dxe4 Qe5 27.Qf2 Qxe4 28.Qg3 Kh8 29.Re1
h5 30.Nf1 Qc4 31.Qe5 Rd8 32.Ng3 Rd5 33.Qxe6 Qxc3 34.Rf1 Re5 35.Qf7 Rg5 36.Qf8+
Kh7 37.Qd6 h4 38.Nf5 Rxf5 39.Rxf5 Qe3+ 40.Kf1 Qc1+ {#R} 0-1

[Event "Polar Capital Jersey Open"]
[Site "masterchessopen.com St Clement Bay JCI"]
[Date "2017.04.01"]
[Round "1.8"]
[White "Klingher,Dominic"]
[Black "Spanton,T"]
[Result "1-0"]
[WhiteElo "2116"]
[BlackElo "1927"]

1.e4 e5 2.Nc3 Nf6 3.f4 d5 4.fxe5 Nxe4 5.Nf3 Be7 6.d4 O-O 7.Bd3 Nxc3 8.bxc3 f6
9.O-O Nc6 10.Bf4 Bg4 11.Qe1 fxe5 12.Nxe5 Nxe5 13.Qxe5 Bf6 14.Qe3 Qd7 15.Qg3 c6
16.h3 Bh5 17.Bd6 Be7 18.Be5 Ba3 19.Qg5 Bg6 20.Bxg6 hxg6 21.Qxg6 Bb2 22.Rae1
Bxc3 23.Re3 Rxf1+ 24.Kxf1 Rf8+ 25.Kg1 Bb4 26.Rg3 Rf7 27.Rg5 Bd2 28.Rg4 Qe8
29.h4 c5 30.Qd3 Bb4 31.h5 cxd4 32.Qg3 Bf8 33.h6 Qd7 34.hxg7 Bxg7 35.Bxd4 b6
36.c3 Qc7 37.Rxg7+ Rxg7 38.Qxg7+ Qxg7 39.Bxg7 Kxg7 40.Kf2 Kf6 41.Ke3 Ke5 42.g4
b5 43.g5 Kf5 44.Kd4 Kxg5 45.Kxd5 Kf4 46.Kc5 a6 47.Kb6 Ke3 48.Kxa6 Kd3 49.Kxb5
Kxc3 50.a4 {#r} 1-0

[Event "Polar Capital Jersey Open"]
[Site "masterchessopen.com St Clement Bay JCI"]
[Date "2017.04.01"]
[Round "1.9"]
[White "Brookfield,T"]
[Black "Thalwitzer,D"]
[Result "0-1"]
[WhiteElo "1903"]
[BlackElo "2114"]

1.e4 c5 2.Nf3 d6 3.d4 cxd4 4.Nxd4 Nf6 5.Nc3 g6 6.Be3 Bg7 7.f3 Nc6 8.Qd2 O-O
9.Bc4 Bd7 10.O-O-O Rc8 11.Bb3 Ne5 12.Kb1 Nc4 13.Bxc4 Rxc4 14.g4 b5 15.b3 Rc7
16.Ndxb5 Rb7 17.Nd4 Qc7 18.h4 a5 19.h5 a4 20.hxg6 fxg6 21.Bh6 axb3 22.cxb3
Bxh6 23.Rxh6 e5 24.Nf5 Be6 25.Ne3 Bxb3 26.axb3 Rxb3+ 27.Kc2 Rfb8 28.Kd3 R8b4
29.Qc2 Rb2 30.Qc1 Rd4# 0-1

[Event "ch-GER Women 2017"]
[Site "masterchessopen.com Bad Wiessee GER"]
[Date "2017.04.01"]
[Round "2.1"]
[White "Michna,Mart"]
[Black "Jussupow,N"]
[Result "1-0"]
[WhiteElo "2383"]
[BlackElo "2161"]

1.b3 b6 2.Bb2 Bb7 3.f4 e6 4.e3 Nf6 5.Nf3 c5 6.g3 Nc6 7.Bg2 Be7 8.O-O O-O 9.Qe2
d5 10.d3 d4 11.Ne5 Qc7 12.Nxc6 Bxc6 13.exd4 cxd4 14.Bxd4 Rac8 15.Be5 Qb7 16.c4
Rfd8 17.Bxc6 Qxc6 18.h3 Bc5+ 19.Kh2 Rd7 20.Nc3 Rcd8 21.Rad1 a6 22.Bxf6 gxf6
23.Ne4 Bd4 24.f5 exf5 25.Rxf5 Be5 26.Qf3 Kg7 27.h4 Rd4 28.h5 Rg8 29.Kh3 Kh8
30.g4 Qd7 31.Kh4 Rd8 32.Rxe5 fxe5 33.Qf6+ Kg8 34.h6 Kf8 35.Qg7+ Ke7 36.Rf1 Rf8
37.Qf6+ Ke8 38.Qxe5+ Kd8 39.Qb8+ Ke7 40.Qxb6 Rg8 41.Rf5 Rg6 42.Qc5+ Ke8
43.Re5+ Kd8 44.Qf8+ Kc7 45.Re7 Rxg4+ 46.Kh3 Rxd3+ 47.Kh2 {#r} 1-0

[Event "ch-GER Women 2017"]
[Site "masterchessopen.com Bad Wiessee GER"]
[Date "2017.04.01"]
[Round "2.3"]
[White "Schleining,Z"]
[Black "Schmidt,Jad"]
[Result "1-0"]
[WhiteElo "2346"]
[BlackElo "2131"]

1.d4 d5 2.c4 e6 3.Nf3 c6 4.e3 Nf6 5.Bd3 dxc4 6.Bxc4 b5 7.Be2 Bb7 8.O-O Nbd7
9.Nbd2 a6 10.a4 Qb6 11.Nb3 Bd6 12.Bd2 b4 13.a5 Qd8 14.Qe1 Rb8 15.Bxb4 Bxb4
16.Qxb4 c5 17.Qa3 cxd4 18.Nbxd4 Qe7 19.Rfc1 Qxa3 20.Rxa3 O-O 21.b4 Rfc8
22.Raa1 g6 23.Rxc8+ Rxc8 24.b5 axb5 25.Nxb5 Ne4 26.a6 Bd5 27.a7 Nb6 28.Ne5 f6
29.Nd3 Nc3 30.Nxc3 Rxc3 31.Nf4 Na8 32.Nxd5 exd5 33.Rb1 Kg7 34.Rb8 {#r} 1-0

[Event "ch-GER Women 2017"]
[Site "masterchessopen.com Bad Wiessee GER"]
[Date "2017.04.01"]
[Round "2.4"]
[White "Frey,Al"]
[Black "Schneider,Jana"]
[Result "0-1"]
[WhiteElo "2055"]
[BlackElo "2208"]

1.e4 e6 2.d4 d5 3.exd5 exd5 4.Bd3 Bd6 5.Qf3 Ne7 6.Ne2 Ng6 7.Nd2 Be6 8.O-O Nd7
9.c4 c6 10.c5 Bc7 11.Re1 Nf6 12.h3 Qd7 13.Nf1 Nh4 14.Qe3 O-O-O 15.b4 Rde8
16.Qg5 Nf5 17.Nfg3 h6 18.Qd2 g5 19.Rb1 Nh4 20.b5 Bxh3 21.bxc6 bxc6 22.Qb4 Bxg2
23.Bd2 Be4 24.Qb7+ Kd8 25.Bxe4 Nxe4 26.Ba5 Bxa5 27.Qa6 Bc7 28.Qxa7 Qh3 {#R}
0-1

[Event "ch-GER Women 2017"]
[Site "masterchessopen.com Bad Wiessee GER"]
[Date "2017.04.01"]
[Round "2.5"]
[White "Straub,N"]
[Black "Klotz,Sonja"]
[Result "1-0"]
[WhiteElo "2188"]
[BlackElo "2005"]

1.d4 d5 2.c4 e6 3.Nf3 Nf6 4.g3 c6 5.Qc2 dxc4 6.Qxc4 b5 7.Qc2 Bb7 8.Bg2 Nbd7
9.Ne5 Qb6 10.Be3 c5 11.Nxd7 Nxd7 12.Bxb7 Qxb7 13.O-O cxd4 14.Bxd4 e5 15.Be3
Be7 16.Nc3 O-O 17.Rfd1 Rfd8 18.Nd5 Bf8 19.Qc7 Rab8 20.Rac1 Qxc7 21.Nxc7 a5
22.Rd5 b4 23.Rcd1 Rb7 24.Rxd7 Rxd7 25.Rxd7 g6 26.Rd8 {#r} 1-0

[Event "ch-GER Women 2017"]
[Site "masterchessopen.com Bad Wiessee GER"]
[Date "2017.04.01"]
[Round "2.6"]
[White "Ries,J"]
[Black "Henrichs,W"]
[Result "1-0"]
[WhiteElo "1983"]
[BlackElo "1973"]

1.f4 g6 2.Nf3 Bg7 3.c4 d5 4.cxd5 Nf6 5.e4 O-O 6.Nc3 e6 7.dxe6 Bxe6 8.d4 Bg4
9.e5 Nh5 10.Be2 c5 11.dxc5 Qa5 12.Be3 Rd8 13.Qa4 Qc7 14.Nb5 Qe7 15.O-O Nc6
16.Nd6 f6 17.Bc4+ Kf8 18.Rae1 Bh6 19.Nd4 Nxd4 20.Bxd4 Bd7 21.Qb3 f5 22.Qh3 Be6
23.Be2 Bxf4 24.Bxh5 Bd2 25.Rd1 gxh5 26.Rxd2 Qg5 27.Rdf2 Kg8 28.Be3 Qg6 29.Nxf5
Kh8 30.Ne7 {#r} 1-0

[Event "ch-GER Women 2017"]
[Site "masterchessopen.com Bad Wiessee GER"]
[Date "2017.04.01"]
[Round "2.9"]
[White "Kluge,He"]
[Black "Grund,Melanie"]
[Result "1-0"]
[WhiteElo "1940"]
[BlackElo "1804"]

1.d4 d5 2.Bf4 e6 3.e3 Be7 4.Bd3 f5 5.h3 Nf6 6.Nf3 c6 7.Nbd2 b6 8.Ne5 Bb7 9.g4
g6 10.Ndf3 Ne4 11.h4 fxg4 12.Ng5 Nxg5 13.hxg5 Nd7 14.Nxg6 Rg8 15.Rxh7 Bxg5
16.Qxg4 Nf8 17.Bxg5 Qd6 18.Nxf8 {#r} 1-0

[Event "ch-GER Women 2017"]
[Site "masterchessopen.com Bad Wiessee GER"]
[Date "2017.04.01"]
[Round "2.10"]
[White "Morosova,Svetlana"]
[Black "Zimmer,Elke"]
[Result "0-1"]
[WhiteElo "1674"]
[BlackElo "1938"]

1.d4 d6 2.c4 g6 3.Nc3 Bg7 4.e4 e5 5.Nf3 Nc6 6.d5 Nce7 7.Be2 f6 8.Qc2 b6 9.O-O
Nh6 10.Bd2 Nf7 11.b4 O-O 12.Rab1 Bg4 13.Bc1 g5 14.Nxg5 Bxe2 15.Ne6 Bxf1
16.Nxd8 Rfxd8 17.Kxf1 a6 18.Be3 Nh6 19.f3 Rf8 20.Qd2 Nf7 21.Kg1 f5 22.exf5
Nxf5 23.Ne4 Nxe3 24.Qxe3 Bh6 25.Qd3 Ng5 26.Nxg5 Bxg5 27.Re1 Rf4 28.Re4 Raf8
29.Kf2 Rxe4 30.Qxe4 Rf4 {#R} 0-1

[Event "ch-ROU 2017"]
[Site "masterchessopen.com Calimanesti-Caciulata ROU"]
[Date "2017.04.01"]
[Round "8.7"]
[White "Martian,D"]
[Black "Ardelean,Ge"]
[Result "0-1"]
[WhiteElo "2275"]
[BlackElo "2493"]

1.e4 c5 2.c3 Nf6 3.e5 Nd5 4.d4 cxd4 5.Nf3 e6 6.cxd4 d6 7.Bc4 Be7 8.O-O O-O
9.Qe2 b6 10.a3 dxe5 11.dxe5 a5 12.Nbd2 Ba6 13.Ne4 Bxc4 14.Qxc4 Nd7 15.Re1 Rc8
16.Qd3 Qc7 17.Bg5 Bxg5 18.Nexg5 Qc2 19.Qb5 Nc5 20.Rac1 Qf5 21.Rcd1 Nf4 22.Re3
h6 23.Nh3 Nxh3+ 24.gxh3 Rfd8 25.Rd4 Rxd4 26.Nxd4 Qg5+ 27.Kf1 Qh5 28.Ne2 Qf5
29.Nc3 Qc2 30.Kg2 Qg6+ 31.Kf1 Qc2 32.Kg2 a4 33.Qxb6 Nd3 34.Ne4 Nf4+ 35.Kg3 Nd5
36.Qd4 Rc4 37.Qd2 Nxe3 38.Qd8+ Kh7 39.Nd6 Nf5+ {#R} 0-1

[Event "ch-ROU 2017"]
[Site "masterchessopen.com Calimanesti-Caciulata ROU"]
[Date "2017.04.01"]
[Round "8.8"]
[White "Toma,Ra"]
[Black "Talu,Mircea"]
[Result "1-0"]
[WhiteElo "2378"]
[BlackElo "2091"]

1.Nf3 Nf6 2.d4 e6 3.g3 b5 4.Bg2 Bb7 5.O-O c5 6.c3 Be7 7.dxc5 Bxc5 8.b4 Be7
9.a4 a6 10.axb5 axb5 11.Rxa8 Bxa8 12.Nd4 Bxg2 13.Kxg2 O-O 14.Nxb5 Qb6 15.Nd4
Rc8 16.Qd3 Nc6 17.Nxc6 Qxc6+ 18.f3 Nd5 19.Bd2 Nb6 20.Na3 d5 21.Be3 Bf6 22.Rc1
Qa4 23.Bxb6 Qxa3 24.Rc2 Rc4 25.e4 Rxc3 26.Rxc3 Qxc3 27.Qxc3 Bxc3 28.Bc5 Be5
29.exd5 exd5 30.f4 Bb8 31.Kf3 f6 32.Ke3 Kf7 33.Kd4 Ke6 34.f5+ Kxf5 35.Kxd5 Kg4
36.b5 Bc7 37.Kc6 Ba5 38.Bd6 Kh3 39.Bc7 Bxc7 40.Kxc7 Kxh2 41.b6 Kxg3 42.b7 {#r}
1-0

[Event "ch-ROU 2017"]
[Site "masterchessopen.com Calimanesti-Caciulata ROU"]
[Date "2017.04.01"]
[Round "8.9"]
[White "Gilea,L"]
[Black "Dolana,A"]
[Result "0-1"]
[WhiteElo "2255"]
[BlackElo "2310"]

1.d4 Nf6 2.c4 e6 3.Nf3 c5 4.d5 exd5 5.cxd5 d6 6.Nc3 g6 7.h3 Bg7 8.e4 O-O 9.Bd3
Nbd7 10.O-O Qe7 11.Re1 Ne5 12.Nxe5 Qxe5 13.f4 Qe7 14.Qf3 Nd7 15.Be3 a6 16.a4
Re8 17.Bf2 Rb8 18.Rab1 Bd4 19.Bxd4 cxd4 20.Ne2 Nc5 21.Nxd4 Qf6 22.Ne2 Nxa4
23.Bc2 Bd7 24.Kh2 b5 25.Nc1 Rec8 26.Re2 b4 27.Nd3 b3 28.Bd1 Bb5 29.Re3 Bxd3
30.Rxd3 Nxb2 31.e5 dxe5 32.Rxb2 e4 33.Qxe4 Qxb2 34.d6 Rc3 35.Rd5 Qf2 36.Re5
Qg3+ 37.Kg1 Rd3 38.Re8+ Rxe8 39.Qxe8+ Kg7 40.Qe5+ Kh6 41.Be2 Rd2 42.Qe7 Qe1+
43.Bf1 Qf2+ 44.Kh2 Qxf4+ {#R} 0-1

[Event "ch-ROU 2017"]
[Site "masterchessopen.com Calimanesti-Caciulata ROU"]
[Date "2017.04.01"]
[Round "8.10"]
[White "Badea,B"]
[Black "Vasiesiu,Victor"]
[Result "1-0"]
[WhiteElo "2456"]
[BlackElo "2228"]

1.Nf3 d5 2.b3 Nf6 3.Bb2 Bf5 4.d3 e6 5.Nh4 Bg4 6.h3 Bh5 7.g4 Bg6 8.Nd2 Bd6
9.Bg2 Nbd7 10.e3 c6 11.f4 O-O 12.O-O Bc5 13.Qe1 Ne8 14.Ndf3 Qb6 15.Nd4 Nc7
16.Kh1 f6 17.f5 Bf7 18.fxe6 Nxe6 19.Ndf5 d4 20.c3 dxc3 21.Bxc3 a5 22.Qg3 Qc7
23.Qf2 Rfe8 24.Rad1 Bf8 25.Ng3 Ng5 26.e4 Rad8 27.Nhf5 g6 28.h4 Ne6 29.Ne3 Re7
30.d4 Ng7 31.g5 fxg5 32.Ng4 Nh5 33.Ne2 Nf4 34.Nxf4 gxf4 35.d5 cxd5 36.Qd4 Ne5
37.exd5 Bg7 38.d6 Qb8 39.dxe7 Rxd4 40.Rxd4 Nc6 41.Nh6+ Bxh6 42.Bxc6 Qc7
43.Rd8+ Be8 44.Bd5# 1-0

[Event "ch-ROU 2017"]
[Site "masterchessopen.com Calimanesti-Caciulata ROU"]
[Date "2017.04.01"]
[Round "8.14"]
[White "Ognean,Mihnea-Ionut"]
[Black "Ionescu,M"]
[Result "0-1"]
[WhiteElo "2128"]
[BlackElo "2274"]

1.e4 d6 2.d4 Nf6 3.Nc3 e5 4.Nf3 Nbd7 5.Bc4 Be7 6.a4 O-O 7.O-O a5 8.Re1 b6 9.h3
Bb7 10.d5 Nc5 11.Nd2 g6 12.Nf1 Nh5 13.Bh6 Re8 14.Bb5 Nd7 15.Qg4 Bc8 16.Qf3 Bg5
17.Bxg5 Qxg5 18.Bc6 Rb8 19.Nb5 Qd8 20.Qc3 Re7 21.b4 axb4 22.Qxb4 Ba6 23.a5
Bxb5 24.Qxb5 bxa5 25.Qxa5 Nc5 26.Reb1 Rc8 27.Qe1 f6 28.Ra7 Rf7 29.Nd2 f5
30.Qe3 fxe4 31.Nxe4 Nxe4 32.Qxe4 Qf6 33.Qe3 Rcf8 34.Rbb7 Qd8 35.c4 Nf4 36.Kh2
Nh5 37.Kg1 Rxf2 38.Rxc7 Qf6 39.Bd7 Rxg2+ {#R} 0-1